[Event "Cuenca Crespi Memorial"]
[White "Mendoza Criollo, Carlos David"]
[Black "Lopez Revelo, Luis"]
[Site "Cuenca"]
[Round "6"]
[Result "0-1"]
[Date "2024.04.26"]
[WhiteElo "2058"]
[BlackElo "1681"]
[PlyCount "102"]
[EventDate "2024.04.24"]
[EventType "swiss"]
[EventRounds "9"]
[EventCountry "ECU"]
[SourceTitle "EXT 2025"]
[Source "ChessBase"]
[SourceDate "2024.10.14"]
[SourceVersion "1"]
[SourceVersionDate "2024.10.14"]
[SourceQuality "1"]

1. d4 d5 2. c4 e6 3. cxd5 exd5 4. Nc3 h6 5. g3 Nf6 6. Bg2 Bd6 7. e3 0-0 8. Nge2 c6 9. Qc2 Re8 10. f3 c5 11. 0-0 Nc6 12. Nb5 b6 13. Nxd6 Qxd6 14. Bd2 Ba6 15. dxc5 bxc5 16. Bc1 d4 17. e4 d3 18. Qd2 Rad8 19. Nc3 Na5 20. b3 c4 21. b4 Qxb4 22. Rb1 Qd6 23. Kh1 Nc6 24. f4 Qc5 25. e5 Nd5 26. Ne4 Qa5 27. Qxa5 Nxa5 28. Nd6 Nc3 29. Bd2 Nxb1 30. Bxa5 Rb8 31. Nxe8 c3 32. Nc7 Bc4 33. Bd5 c2 34. Rc1 Bxd5+ 35. Nxd5 Rb5 36. Nc3 d2 37. Rxc2 Nxc3 38. Rxd2 Rxa5 39. Rd8+ Kh7 40. Rd7 Rxa2 41. Rxf7 Kg8 42. e6 Nb5 43. Rb7 Nd6 44. Rb8+ Kh7 45. Rd8 Nf5 46. g4 Nh4 47. Kg1 Nf3+ 48. Kf1 Nxh2+ 49. Ke1 Nxg4 50. e7 Nf6 51. Rf8 Ra4 0-1

[Event "Titled Tuesday intern op 31st May Late"]
[White "Mendoza Criollo, Carlos David"]
[Black "Stanisz, Patryk"]
[Site "Chess.com INT"]
[Round "10"]
[Result "1-0"]
[Date "2022.05.31"]
[WhiteElo "2058"]
[BlackElo "2199"]
[PlyCount "101"]
[EventDate "2022.05.31"]
[EventType "swiss (blitz)"]
[EventRounds "11"]
[EventCountry "USA"]
[SourceTitle "CBM 208 Extra"]
[Source "ChessBase"]
[SourceDate "2022.07.31"]
[SourceVersion "1"]
[SourceVersionDate "2022.07.31"]
[SourceQuality "1"]

1. d4 f5 2. g4 d6 3. c4 fxg4 4. h3 Nf6 5. hxg4 Bxg4 6. Bh3 Bxh3 7. Nxh3 c6 8. Ng5 Qa5+ 9. Nc3 Na6 10. a3 g6 11. Qd3 0-0-0 12. Nf7 Bg7 13. Nxd8 Kxd8 14. Bd2 Qc7 15. 0-0-0 Qd7 16. e4 Ng4 17. Rdf1 c5 18. d5 Nc7 19. f4 a6 20. Qh3 b5 21. cxb5 axb5 22. f5 gxf5 23. Rxf5 Ne5 24. Rh5 h6 25. Qxd7+ Kxd7 26. Bxh6 Bxh6+ 27. Rxh6 Rf8 28. R1h2 Ng4 29. Rh8 Rf1+ 30. Kc2 Nxh2 31. Rxh2 b4 32. axb4 cxb4 33. Ne2 Nb5 34. Kb3 Re1 35. Kxb4 Nc7 36. Kc4 Ne8 37. b4 Nf6 38. e5 dxe5 39. Nc3 Rc1 40. Re2 Kd6 41. b5 e4 42. Kd4 Rh1 43. Nxe4+ Nxe4 44. Rxe4 Rd1+ 45. Kc4 Rc1+ 46. Kb4 Rb1+ 47. Ka5 Ra1+ 48. Kb6 Rd1 49. Re6+ Kd7 50. Re5 Kd6 51. Kb7 1-0

[Event "ECU-ch Qual Blitz"]
[White "Juma Moreno, Jayro Javier"]
[Black "Mendoza Criollo, Carlos David"]
[Site "Chess.com INT"]
[Round "6"]
[Result "0-1"]
[Date "2021.06.25"]
[WhiteElo "1576"]
[BlackElo "2275"]
[PlyCount "92"]
[EventDate "2021.06.25"]
[EventType "swiss (blitz)"]
[EventRounds "9"]
[EventCountry "ECU"]
[SourceTitle "CBM 203 Extra"]
[Source "ChessBase"]
[SourceDate "2021.09.30"]
[SourceVersion "1"]
[SourceVersionDate "2021.09.30"]
[SourceQuality "1"]

1. d4 g6 2. c4 Bg7 3. Nc3 d6 4. e4 Nc6 5. Nf3 e5 6. d5 Nd4 7. Be2 Nxe2 8. Qxe2 Ne7 9. Be3 f5 10. 0-0-0 fxe4 11. Nxe4 h6 12. Qd3 0-0 13. Ng3 Nf5 14. Nxf5 Bxf5 15. Qb3 Kh7 16. h4 a6 17. Rdg1 b5 18. g4 Be4 19. Bg5 Qd7 20. Rg3 bxc4 21. Qc3 Bxf3 22. Rxf3 Rxf3 23. Qxf3 hxg5 24. hxg5+ Kg8 25. Qe4 Qf7 26. Rh2 Qf4+ 27. Qxf4 exf4 28. Rh3 Rb8 29. b3 cxb3 30. axb3 Rb5 31. Rd3 Kf7 32. Kc2 Ke7 33. f3 Kd7 34. Rd1 Rc5+ 35. Kb1 Rc3 36. Ka2 Rxf3 37. Re1 Be5 38. Rh1 Rg3 39. Rh7+ Kc8 40. Rh6 Rxg4 41. Rxg6 Kb7 42. Rg8 Kb6 43. g6 Kc5 44. Ka3 Rg1 45. b4+ Kc4 46. Ka2 Ra1# 0-1

[Event "ECU-ch Qual Blitz"]
[White "Mendoza Criollo, Carlos David"]
[Black "Mieles Palau, Daniel Alberto"]
[Site "Chess.com INT"]
[Round "7"]
[Result "0-1"]
[Date "2021.06.25"]
[WhiteElo "2275"]
[BlackElo "2607"]
[PlyCount "60"]
[EventDate "2021.06.25"]
[EventType "swiss (blitz)"]
[EventRounds "9"]
[EventCountry "ECU"]
[SourceTitle "CBM 203 Extra"]
[Source "ChessBase"]
[SourceDate "2021.09.30"]
[SourceVersion "1"]
[SourceVersionDate "2021.09.30"]
[SourceQuality "1"]

1. d4 d5 2. c4 e6 3. cxd5 exd5 4. Nc3 c6 5. g3 Bd6 6. Bg2 Nf6 7. e3 0-0 8. Nge2 Bf5 9. f3 Re8 10. 0-0 Qd7 11. Bd2 Bh3 12. Qc2 Bf5 13. Qb3 a5 14. Rae1 b5 15. a4 b4 16. Nd1 Na6 17. g4 Bg6 18. Ng3 c5 19. g5 c4 20. Qa2 Nh5 21. Nxh5 Bxh5 22. e4 b3 23. Qa1 Nb4 24. Bxb4 Bxb4 25. Nc3 dxe4 26. Rxe4 Rxe4 27. fxe4 Qxd4+ 28. Kh1 Bxc3 29. bxc3 Qd2 30. Rd1 Qxd1+ 0-1

[Event "ECU-ch Qual Blitz"]
[White "Mendoza Criollo, Carlos David"]
[Black "Ulloa Centeno, Leandro Nicolas"]
[Site "Chess.com INT"]
[Round "2"]
[Result "0-1"]
[Date "2021.06.25"]
[WhiteElo "2275"]
[BlackElo "1926"]
[PlyCount "102"]
[EventDate "2021.06.25"]
[EventType "swiss (blitz)"]
[EventRounds "9"]
[EventCountry "ECU"]
[SourceTitle "CBM 203 Extra"]
[Source "ChessBase"]
[SourceDate "2021.09.30"]
[SourceVersion "1"]
[SourceVersionDate "2021.09.30"]
[SourceQuality "1"]

1. b3 f5 2. Bb2 Nf6 3. g3 d6 4. Bg2 e5 5. d3 Be7 6. Nd2 Nc6 7. e4 0-0 8. Nh3 Qe8 9. c3 Qg6 10. Qe2 Qh6 11. Ng1 fxe4 12. Nxe4 Nxe4 13. Bxe4 Be6 14. Bc1 Qf6 15. Bg2 e4 16. d4 d5 17. Nh3 Bg4 18. Qc2 Nxd4 19. cxd4 Bb4+ 20. Kf1 Qxd4 21. Bb2 Qb6 22. Nf4 Rad8 23. a3 Bd6 24. h3 Bxf4 25. gxf4 Bf5 26. Be5 e3 27. Qe2 exf2 28. Qxf2 Qxb3 29. Bf3 Qd3+ 30. Kg2 Be4 31. Rhg1 Bxf3+ 32. Qxf3 Qxf3+ 33. Kxf3 Rf7 34. Rg4 g6 35. h4 Kf8 36. h5 gxh5 37. Rg5 Ke7 38. Rb1 b6 39. Rxh5 c6 40. Rd1 Rg8 41. Rdh1 c5 42. Rxh7 c4 43. Rxf7+ Kxf7 44. Rh7+ Ke6 45. Rxa7 Rg1 46. Rb7 Rb1 47. Ke3 Rb3+ 48. Ke2 b5 49. Rb6+ Kf5 50. Kd2 Ke4 51. Bc3 Kxf4 0-1

[Event "Titled Tuesday intern op 02nd Mar"]
[White "Mendoza Criollo, Carlos David"]
[Black "Cella, Glaucio Dalla Cortt"]
[Site "Chess.com INT"]
[Round "3"]
[Result "1-0"]
[Date "2021.03.02"]
[WhiteElo "2058"]
[BlackElo "1961"]
[PlyCount "87"]
[EventDate "2021.03.02"]
[EventType "swiss (blitz)"]
[EventRounds "11"]
[EventCountry "USA"]
[SourceTitle "CBM 201 Extra"]
[Source "ChessBase"]
[SourceDate "2021.05.31"]
[SourceVersion "1"]
[SourceVersionDate "2021.05.31"]
[SourceQuality "1"]

1. d4 Nf6 2. c4 e6 3. Nc3 Bb4 4. Qc2 c6 5. a3 Ba5 6. Bg5 h6 7. Bh4 g5 8. Bg3 d5 9. e3 Ne4 10. Bd3 Nxg3 11. hxg3 dxc4 12. Bxc4 b5 13. Bd3 Bb7 14. Nf3 a6 15. b4 Bc7 16. Ne4 Nd7 17. Nexg5 c5 18. bxc5 Ba5+ 19. Ke2 Qf6 20. Ne4 Bxe4 21. Bxe4 Rc8 22. Qd3 h5 23. a4 Rd8 24. axb5 Nxc5 25. Bc6+ Kf8 26. Qa3 Qf5 27. Qxc5+ Qxc5 28. dxc5 Bb4 29. Rhc1 a5 30. b6 h4 31. gxh4 Rg8 32. g3 e5 33. Nxe5 Rd2+ 34. Kf3 Rg6 35. Nxg6+ fxg6 36. b7 Kg7 37. b8Q Bxc5 38. Rxc5 a4 39. Qe5+ Kh6 40. h5 a3 41. Qg5+ Kh7 42. Qxg6+ Kh8 43. Be4 Rxf2+ 44. Kxf2 1-0

[Event "Titled Tuesday intern op 02nd Mar"]
[White "Terletsky, Oleg"]
[Black "Mendoza Criollo, Carlos David"]
[Site "Chess.com INT"]
[Round "11"]
[Result "0-1"]
[Date "2021.03.02"]
[WhiteElo "2213"]
[BlackElo "2058"]
[PlyCount "82"]
[EventDate "2021.03.02"]
[EventType "swiss (blitz)"]
[EventRounds "11"]
[EventCountry "USA"]
[SourceTitle "CBM 201 Extra"]
[Source "ChessBase"]
[SourceDate "2021.05.31"]
[SourceVersion "1"]
[SourceVersionDate "2021.05.31"]
[SourceQuality "1"]

1. e4 c5 2. Nf3 d6 3. d4 cxd4 4. Nxd4 Nf6 5. Nc3 a6 6. Bc4 e6 7. 0-0 Qc7 8. Bb3 Nbd7 9. f4 Nc5 10. f5 Nxb3 11. axb3 Bd7 12. fxe6 fxe6 13. Bg5 Be7 14. Kh1 0-0 15. Qd3 Rae8 16. Qc4 Qxc4 17. bxc4 h6 18. Bh4 Ng4 19. Bxe7 Rxe7 20. Rxf8+ Kxf8 21. Rf1+ Rf7 22. Rxf7+ Kxf7 23. b3 Kf6 24. Nf3 Bc6 25. Kg1 Ne3 26. Ne1 Ke5 27. Kf2 Ng4+ 28. Kg3 Kd4 29. Kxg4 Kxc3 30. Kf4 Kd2 31. Nf3+ Kxc2 32. Nd4+ Kc3 33. Nxe6 g5+ 34. Kf5 Kxb3 35. c5 dxc5 36. Nxc5+ Kc4 37. Ne6 a5 38. e5 a4 39. Nd8 Bd5 40. e6 Bxe6+ 41. Nxe6 a3 0-1

[Event "Preinscritos IRT Online"]
[White "Guerrero Fuentes, Carlos Andres"]
[Black "Mendoza Criollo, Carlos David"]
[Site "Chess.com INT"]
[Round "11"]
[Result "1-0"]
[Date "2020.12.26"]
[WhiteElo "2078"]
[BlackElo "2332"]
[PlyCount "97"]
[EventDate "2020.12.26"]
[EventType "swiss"]
[EventRounds "11"]
[EventCountry "ECU"]
[SourceTitle "CBM 200 Extra"]
[Source "ChessBase"]
[SourceDate "2021.03.31"]
[SourceVersion "1"]
[SourceVersionDate "2021.03.31"]
[SourceQuality "1"]

1. d4 g6 2. c4 Bg7 3. Nc3 d6 4. e4 Nc6 5. Be3 e5 6. d5 Nd4 7. Nge2 Nxe2 8. Bxe2 Ne7 9. 0-0 0-0 10. Rc1 f5 11. f3 f4 12. Bf2 g5 13. b4 Ng6 14. c5 Rf7 15. a4 Bf8 16. a5 h5 17. a6 b6 18. cxb6 cxb6 19. b5 Rg7 20. Na2 g4 21. fxg4 Nh4 22. Bxh4 Qxh4 23. gxh5 f3 24. Bxf3 Be7 25. Rc7 Bg5 26. Rxg7+ Kxg7 27. Qe2 Bd7 28. Nb4 Bf4 29. g3 Qg5 30. Nc6 Rg8 31. Kh1 Be3 32. h6+ Kxh6 33. Bg2 Bg4 34. Bf3 Bh3 35. Bg2 Bg4 36. Rf7 Bc5 37. Qf1 Rg6 38. Rf8 Qd2 39. Rh8+ Kg5 40. Ne7 Rg7 41. Nf5 Rf7 42. Rg8+ Kh5 43. Rh8+ Kg6 44. Rg8+ Kh7 45. Rxg4 Qc2 46. Rh4+ Kg6 47. Rh6+ Kg5 48. h4+ Kg4 49. Bh3# 1-0

[Event "Online Olym Div2 E"]
[White "Bolanos, Fernando"]
[Black "Mendoza Criollo, Carlos David"]
[Site "Chess.com INT"]
[Round "1.5"]
[Result "0-1"]
[Date "2020.08.14"]
[WhiteElo "2272"]
[BlackElo "2087"]
[PlyCount "110"]
[EventDate "2020.08.14"]
[EventType "team-tourn (rapid)"]
[EventRounds "9"]
[EventCountry "USA"]
[SourceTitle "CBM 198"]
[Source "ChessBase"]
[SourceDate "2020.10.31"]
[SourceVersion "1"]
[SourceVersionDate "2020.10.31"]
[SourceQuality "1"]
[WhiteTeam "Bolivia"]
[BlackTeam "Ecuador"]
[WhiteTeamCountry "BOL"]
[BlackTeamCountry "ECU"]

1. e4 c5 2. Nf3 d6 3. d4 cxd4 4. Nxd4 Nf6 5. Nc3 a6 6. Be2 e5 7. Nb3 Be7 8. g4 Be6 9. g5 Nfd7 10. Bg4 Nb6 11. g6 Bxb3 12. axb3 hxg6 13. Be3 N8d7 14. Qd2 Nf6 15. Be2 0-0 16. 0-0-0 Rc8 17. h4 Nh5 18. Bxh5 gxh5 19. Bxb6 Qxb6 20. Nd5 Qd8 21. Nxe7+ Qxe7 22. Qxd6 Rfe8 23. Rh3 Qxd6 24. Rxd6 Re7 25. Kd2 f6 26. c4 Kf7 27. Kc3 Re6 28. Rd7+ Re7 29. Rhd3 Ke6 30. R3d6+ Kf7 31. b4 Rc6 32. Rd5 Ke6 33. Rd8 f5 34. Rh8 g6 35. exf5+ Kxf5 36. Rf8+ Kg4 37. Kd3 Kxh4 38. b5 axb5 39. cxb5 Rc1 40. Kd2 Rc4 41. Rd6 g5 42. Rh8 Rd4+ 43. Rxd4+ exd4 44. Kd3 Re5 45. Kc4 Kg4 46. b6 Re6 47. Kc5 Rc6+ 48. Kb5 Rd6 49. Rh7 d3 50. Rxb7 d2 51. Rc7 d1Q 52. Rc4+ Kf3 53. Rc3+ Kxf2 54. Ka6 Qa4+ 55. Kb7 Qb5 0-1

[Event "Titled Tuesday intern op 21st July"]
[White "Fakhrutdinov, Timur"]
[Black "Mendoza Criollo, Carlos David"]
[Site "Chess.com INT"]
[Round "1"]
[Result "1-0"]
[Date "2020.07.21"]
[WhiteElo "2501"]
[BlackElo "2058"]
[PlyCount "129"]
[EventDate "2020.07.21"]
[EventType "swiss (blitz)"]
[EventRounds "10"]
[EventCountry "USA"]
[SourceTitle "CBM 197 Extra"]
[Source "ChessBase"]
[SourceDate "2020.09.30"]
[SourceVersion "1"]
[SourceVersionDate "2020.09.30"]
[SourceQuality "1"]

1. e4 c5 2. Nf3 d6 3. d4 cxd4 4. Nxd4 Nf6 5. Nc3 a6 6. h3 e6 7. g4 d5 8. exd5 Nxd5 9. Nde2 Bb4 10. Bg2 0-0 11. 0-0 Nxc3 12. Nxc3 Qc7 13. Qd4 Bc5 14. Qf4 Bd6 15. Qe3 Bd7 16. Ne4 Be7 17. c3 Bc6 18. Qf4 Qxf4 19. Bxf4 Nd7 20. Rad1 e5 21. Be3 Rfd8 22. Nd6 Bxg2 23. Kxg2 Bxd6 24. Rxd6 Kf8 25. Rfd1 Ke7 26. R6d5 f6 27. f4 Rac8 28. fxe5 Nxe5 29. Rxe5+ fxe5 30. Bg5+ Ke8 31. Bxd8 Rxd8 32. Rxd8+ Kxd8 33. Kf3 Ke7 34. Ke4 Ke6 35. c4 b6 36. b4 h6 37. h4 g6 38. h5 gxh5 39. gxh5 Kd6 40. Kf5 b5 41. c5+ Kd5 42. Kg4 a5 43. a3 axb4 44. axb4 Kc6 45. Kf3 Kd5 46. Ke3 e4 47. Ke2 Ke6 48. Kf2 Ke5 49. Ke2 Kd5 50. Ke3 Ke5 51. c6 Kd6 52. Kxe4 Kxc6 53. Ke5 Kc7 54. Kd5 Kb6 55. Kd6 Ka6 56. Kc5 Ka7 57. Kxb5 Kb7 58. Kc5 Kc7 59. Kd5 Kb6 60. Ke6 Kb5 61. Kf6 Kxb4 62. Kg6 Kc5 63. Kxh6 Kd6 64. Kg7 Ke7 65. h6 1-0

[Event "Titled Tuesday intern op 21st July"]
[White "Mendoza Criollo, Carlos David"]
[Black "Atabayev, Maksat"]
[Site "Chess.com INT"]
[Round "5"]
[Result "0-1"]
[Date "2020.07.21"]
[WhiteElo "2058"]
[BlackElo "2475"]
[PlyCount "58"]
[EventDate "2020.07.21"]
[EventType "swiss (blitz)"]
[EventRounds "10"]
[EventCountry "USA"]
[SourceTitle "CBM 197 Extra"]
[Source "ChessBase"]
[SourceDate "2020.09.30"]
[SourceVersion "1"]
[SourceVersionDate "2020.09.30"]
[SourceQuality "1"]

1. d4 Nf6 2. c4 c5 3. d5 e6 4. Nc3 exd5 5. cxd5 Bd6 6. g3 0-0 7. Bg2 Bc7 8. Nf3 d6 9. 0-0 Re8 10. Nd2 a6 11. a4 Nbd7 12. Nc4 Ne5 13. Nxe5 Rxe5 14. e4 Rb8 15. f4 Re8 16. Qd3 Bd7 17. Kh1 b5 18. axb5 axb5 19. e5 dxe5 20. d6 Bb6 21. fxe5 Rxe5 22. Bf4 c4 23. Qd2 Rh5 24. Bg5 Ng4 25. h4 f6 26. Bd5+ Kh8 27. Bf7 Bc6+ 28. Nd5 Qxd6 29. Bf4 Rxd5 0-1

[Event "Titled Tuesday intern op 21st July"]
[White "Zvereva, Margarita"]
[Black "Mendoza Criollo, Carlos David"]
[Site "Chess.com INT"]
[Round "6"]
[Result "1-0"]
[Date "2020.07.21"]
[WhiteElo "1929"]
[BlackElo "2058"]
[PlyCount "71"]
[EventDate "2020.07.21"]
[EventType "swiss (blitz)"]
[EventRounds "10"]
[EventCountry "USA"]
[SourceTitle "CBM 197 Extra"]
[Source "ChessBase"]
[SourceDate "2020.09.30"]
[SourceVersion "1"]
[SourceVersionDate "2020.09.30"]
[SourceQuality "1"]

1. e4 c5 2. Nf3 d6 3. d4 cxd4 4. Nxd4 Nf6 5. Nc3 a6 6. Be2 e5 7. Nb3 Be6 8. 0-0 Nbd7 9. Be3 Qc7 10. Qd3 b5 11. Nd5 Bxd5 12. exd5 Be7 13. a4 e4 14. Qd2 Qb7 15. axb5 axb5 16. Rxa8+ Qxa8 17. Bxb5 Qxd5 18. Bxd7+ Kxd7 19. Qb4 Rc8 20. Nd4 Qc4 21. Qb7+ Rc7 22. Qb6 Nd5 23. Qa5 Nxe3 24. fxe3 Bf6 25. c3 Bxd4 26. cxd4 g6 27. Qg5 f5 28. Qf6 Qe6 29. Qg7+ Qe7 30. Qg8 Rc8 31. Qd5 Qe6 32. Qb7+ Rc7 33. Qb5+ Ke7 34. Ra1 Qc4 35. Qb8 Kf7 36. Qh8 1-0

[Event "ECU-ch U20"]
[White "Espinoza Supe, Christian Javie"]
[Black "Mendoza Criollo, Carlos David"]
[Site "Guayaquil"]
[Round "7"]
[Result "0-1"]
[Date "2020.02.22"]
[WhiteElo "1616"]
[BlackElo "2112"]
[PlyCount "50"]
[EventDate "2020.02.19"]
[EventType "swiss"]
[EventRounds "9"]
[EventCountry "ECU"]
[SourceTitle "CBM 195 Extra"]
[Source "ChessBase"]
[SourceDate "2020.05.31"]
[SourceVersion "1"]
[SourceVersionDate "2020.05.31"]
[SourceQuality "1"]

1. d4 Nf6 2. Nf3 g6 3. c4 Bg7 4. Nc3 0-0 5. Bg5 d6 6. e3 c6 7. h3 a6 8. Be2 b5 9. 0-0 Nbd7 10. Qc2 Bb7 11. Rac1 Rc8 12. Rfd1 Qc7 13. cxb5 cxb5 14. a3 Qb8 15. Qb3 Qa8 16. a4 bxa4 17. Nxa4 Rb8 18. Qa3 h6 19. Bf4 Rfc8 20. Nc3 Nb6 21. b3 Nfd5 22. Nxd5 Nxd5 23. Rxc8+ Rxc8 24. Ra1 Nxf4 25. exf4 Rc2 0-1

[Event "Pan American-ch U20"]
[White "Mendoza Criollo, Carlos David"]
[Black "Castellanos Villela, Alejandro"]
[Site "Cochabamba"]
[Round "9"]
[Result "1-0"]
[Date "2019.08.06"]
[WhiteElo "2103"]
[BlackElo "1985"]
[PlyCount "91"]
[EventDate "2019.08.01"]
[EventType "swiss"]
[EventRounds "9"]
[EventCountry "BOL"]
[SourceTitle "EXT 2021"]
[Source "ChessBase"]
[SourceDate "2020.10.23"]
[SourceVersion "1"]
[SourceVersionDate "2020.10.23"]
[SourceQuality "1"]

1. d4 Nf6 2. c4 e6 3. Nc3 Bb4 4. Qc2 0-0 5. a3 Bxc3+ 6. Qxc3 b5 7. cxb5 c6 8. bxc6 Nxc6 9. Bg5 Bb7 10. e3 Rc8 11. Qd2 Qb6 12. Bxf6 gxf6 13. b4 e5 14. Nf3 exd4 15. e4 Rfe8 16. Be2 d5 17. e5 d3 18. Qxd3 fxe5 19. Ng5 f5 20. Qxf5 Re7 21. Qg4 Kh8 22. 0-0 Nd4 23. Qh5 Qf6 24. Bg4 Rg8 25. h4 e4 26. Rad1 Ba6 27. Rxd4 Qxd4 28. Rd1 Qf6 29. Rxd5 e3 30. fxe3 Qf1+ 31. Kh2 Bb7 32. Rd2 Qf6 33. Kg1 Bc6 34. Rf2 Qg6 35. Nf7+ Kg7 36. Qxg6+ Kxg6 37. Bf5+ Kxf7 38. Be4+ Kg7 39. Bxc6 Rxe3 40. a4 Rd8 41. Rf4 Red3 42. b5 R3d4 43. Rxd4 Rxd4 44. a5 Rxh4 45. b6 Rd4 46. bxa7 1-0

[Event "Pan American-ch U20"]
[White "Delgado Romero, Marco"]
[Black "Mendoza Criollo, Carlos David"]
[Site "Cochabamba"]
[Round "4"]
[Result "1-0"]
[Date "2019.08.03"]
[WhiteElo "2236"]
[BlackElo "2103"]
[PlyCount "89"]
[EventDate "2019.08.01"]
[EventType "swiss"]
[EventRounds "9"]
[EventCountry "BOL"]
[SourceTitle "EXT 2020"]
[Source "ChessBase"]
[SourceDate "2019.10.17"]
[SourceVersion "1"]
[SourceVersionDate "2019.10.17"]
[SourceQuality "1"]

1. d4 Nf6 2. c4 g6 3. Nc3 Bg7 4. e4 d6 5. h3 0-0 6. Be3 c6 7. Nf3 Nbd7 8. Be2 a6 9. a4 e5 10. 0-0 exd4 11. Bxd4 Re8 12. Nd2 Nc5 13. Bf3 a5 14. Be3 Nfd7 15. Qc2 Ne5 16. Be2 f5 17. Rad1 Qe7 18. Rfe1 Nxe4 19. Ndxe4 fxe4 20. Qxe4 Be6 21. b3 Nxc4 22. Bd4 Ne5 23. f4 Bf5 24. Bc4+ d5 25. Nxd5 cxd5 26. Qxd5+ Be6 27. Qxe6+ Qxe6 28. Bxe6+ Rxe6 29. Bxe5 Rae8 30. Rd5 b6 31. h4 h6 32. Kf2 g5 33. hxg5 hxg5 34. g3 R8e7 35. Kf3 Kf7 36. Re4 Ke8 37. Rd6 Rxd6 38. Bxd6 Rxe4 39. Kxe4 gxf4 40. Bxf4 Kd7 41. Kd5 Kc8 42. Be3 Kc7 43. g4 Kb7 44. g5 Ka6 45. Kc6 1-0

[Event "Pan American-ch U20"]
[White "Munoz, Francisco Javier"]
[Black "Mendoza Criollo, Carlos David"]
[Site "Cochabamba"]
[Round "2"]
[Result "1/2-1/2"]
[Date "2019.08.02"]
[WhiteElo "2282"]
[BlackElo "2103"]
[PlyCount "69"]
[EventDate "2019.08.01"]
[EventType "swiss"]
[EventRounds "9"]
[EventCountry "BOL"]
[SourceTitle "EXT 2020"]
[Source "ChessBase"]
[SourceDate "2019.10.17"]
[SourceVersion "1"]
[SourceVersionDate "2019.10.17"]
[SourceQuality "1"]

1. e4 c5 2. c3 d5 3. exd5 Qxd5 4. d4 Nf6 5. Nf3 g6 6. Na3 Bg7 7. Bc4 Qe4+ 8. Be3 0-0 9. 0-0 cxd4 10. Bxd4 Nc6 11. Re1 Qf4 12. Be5 Nxe5 13. Rxe5 Ng4 14. Rxe7 Ne5 15. Bd5 Bg4 16. Qc1 Nxf3+ 17. Bxf3 Qd6 18. Re3 Be6 19. Re1 Qb6 20. Nc2 Rac8 21. Ne3 Rfd8 22. Bg4 f5 23. Bf3 Rc7 24. Rd1 Rcd7 25. Qc2 a5 26. h3 Qb5 27. Be2 Qc5 28. a4 Bh6 29. Bb5 Rxd1+ 30. Rxd1 Rxd1+ 31. Nxd1 Qe5 32. Qd3 Bd5 33. Ne3 Bxe3 34. Qxe3 Qxe3 35. fxe3 1/2-1/2

[Event "Pan American-ch U20"]
[White "Mendoza Criollo, Carlos David"]
[Black "Estrada Lavin, Cristian Alexan"]
[Site "Guayaquil"]
[Round "8"]
[Result "0-1"]
[Date "2018.06.23"]
[WhiteElo "1945"]
[BlackElo "2120"]
[PlyCount "92"]
[EventDate "2018.06.19"]
[EventType "swiss"]
[EventRounds "9"]
[EventCountry "ECU"]
[SourceTitle "EXT 2019"]
[Source "ChessBase"]
[SourceDate "2018.10.10"]
[SourceVersion "1"]
[SourceVersionDate "2018.10.10"]
[SourceQuality "1"]

1. d4 d5 2. c4 c6 3. Nf3 Nf6 4. cxd5 cxd5 5. Nc3 Nc6 6. Bf4 Bf5 7. e3 a6 8. Qb3 Na5 9. Qa4+ Bd7 10. Qd1 Rc8 11. Ne5 e6 12. Be2 Bb4 13. Rc1 Ne4 14. 0-0 Bxc3 15. bxc3 Nxc3 16. Qd2 Nxe2+ 17. Qxe2 0-0 18. Qg4 f6 19. Bh6 Qe7 20. Bxg7 Qxg7 21. Qxg7+ Kxg7 22. Nxd7 Rfe8 23. Nc5 Kf7 24. Rb1 Rc7 25. Rb6 Ree7 26. Rfb1 h6 27. g4 e5 28. Rd6 exd4 29. exd4 Nc6 30. Nxb7 Nxd4 31. Nd8+ Kg7 32. Rbb6 Re4 33. h3 Rf4 34. Rxd5 Kg6 35. Rb2 Rc3 36. Kg2 Nf3 37. Rd1 Nh4+ 38. Kh2 Rff3 39. Ne6 Rxh3+ 40. Kg1 Rc4 41. f4 Rg3+ 42. Kh2 Rxg4 43. Kh3 h5 44. Nf8+ Kg7 45. Ne6+ Kf7 46. Nd8+ Kg6 0-1

[Event "Pan American-ch U20"]
[White "Mendoza Criollo, Carlos David"]
[Black "Molina Mendoza, Omar"]
[Site "Guayaquil"]
[Round "2"]
[Result "0-1"]
[Date "2018.06.20"]
[WhiteElo "1945"]
[BlackElo "2214"]
[PlyCount "76"]
[EventDate "2018.06.19"]
[EventType "swiss"]
[EventRounds "9"]
[EventCountry "ECU"]
[SourceTitle "EXT 2019"]
[Source "ChessBase"]
[SourceDate "2018.10.10"]
[SourceVersion "1"]
[SourceVersionDate "2018.10.10"]
[SourceQuality "1"]

1. d4 Nf6 2. c4 g6 3. Nc3 Bg7 4. e4 d6 5. Bd3 0-0 6. Nge2 e5 7. d5 Nh5 8. 0-0 f5 9. Ng3 Nf4 10. exf5 Nxd3 11. Qxd3 Bxf5 12. Nce4 Nd7 13. Qe2 h6 14. Be3 Nf6 15. f3 b6 16. b4 Bxe4 17. fxe4 Qe7 18. c5 Nd7 19. cxd6 Rxf1+ 20. Nxf1 cxd6 21. Rc1 Nf6 22. Nd2 Qd7 23. Rc6 Rf8 24. h3 Rf7 25. a4 Bf8 26. Bf2 Nh5 27. Nc4 Nf4 28. Qe3 Qd8 29. Kh2 Nh5 30. g4 Nf4 31. Bg3 g5 32. Bxf4 gxf4 33. Qf3 Rg7 34. b5 h5 35. Kg2 hxg4 36. hxg4 Qh4 37. Kf1 Rxg4 38. Ke2 Qh2+ 0-1

[Event "South America-ch U20 13th"]
[White "Zambrano Acebo, Jean Carlos"]
[Black "Mendoza Criollo, Carlos David"]
[Site "Manta"]
[Round "8"]
[Result "0-1"]
[Date "2017.04.29"]
[WhiteElo "1950"]
[BlackElo "1948"]
[PlyCount "40"]
[EventDate "2017.04.25"]
[EventType "swiss"]
[EventRounds "9"]
[EventCountry "ECU"]
[SourceTitle "CBM 178 Extra"]
[Source "ChessBase"]
[SourceDate "2017.06.22"]
[SourceVersion "1"]
[SourceVersionDate "2017.06.22"]
[SourceQuality "1"]

1. e4 c5 2. Nf3 d6 3. d4 cxd4 4. Nxd4 Nf6 5. Nc3 a6 6. Be3 e5 7. Nb3 Be6 8. f3 Nbd7 9. Qd2 b5 10. 0-0-0 Nb6 11. Qf2 Nfd7 12. Na5 Qc7 13. Bxb5 axb5 14. Nxb5 Qb8 15. Nc6 Qb7 16. Bxb6 Nxb6 17. Rxd6 Nc4 18. Rhd1 Bxd6 19. Rxd6 Qxb5 20. Qa7 Qxc6 0-1